Nancy en images - Statistiques

Statistiques générales
  • Ce quiz a été pris 653 fois
  • Le résultat moyen est 12 sur 24
Statistiques - réponses
Par images Hint Réponse % Correct
Lieu Place Stanislas
99%
Lieu La Pépinière
79%
Rivière La Meurthe
73%
Stade Stade Marcel Picot
68%
Gastronomie Bergamote
67%
Evènement Fêtes de la Saint-Nicolas
65%
Lieu Marché central
58%
Personnage historique Stanislas Leszczynski
58%
Célébrité (sportif) Michel Platini
57%
Club sportif SLUC Nancy
57%
Lieu Excelsior
51%
Tour Tour Thiers
51%
Rappeur KIK
49%
Evènement Son et lumières
49%
Monument Porte de la Craffe
47%
Gastronomie Macaron de Nancy
45%
Lieu Sainte Marie
45%
Monument Basilique Saint-Epvre
43%
Lieu Nancy Thermal
42%
Evènement Le livre sur la Place
30%
Monument Palais de l'Université
23%
Célébrité (artiste) Louis Majorelle
14%
Monument Tour de la commanderie
10%
Célébrité (artiste) Victor Prouvé
8%
Aucun quiz correspondant
Distribution des résultats
% des personnes avec chaque résultat
Percentile par nombre de réponses
Votre historique - résultats
Vous n’avez pas pris ce quiz